000 00323nam a22001457a 4500
003 OSt
005 20160727222355.0
008 160622b xxu||||| |||| 00| 0 eng d
040 _c Penguin
100 _9516
_aJ, D, D'CON
245 _aPhonetics
260 _aNEW YORK
_bPenguin
_c1973
300 _aPhonetics
942 _2ddc
_cBK
999 _c433
_d433